Materiały z cmentarzyska ludności kultury łużyckiej w Chojnie-Golejewku, pow
| Titel: | Materiały z cmentarzyska ludności kultury łużyckiej w Chojnie-Golejewku, pow : rawicki, z kolekcji Aleksandra Guttmana |
|---|---|
| Verfasser: | |
| In: |
Wiadomości archeologiczne, Band 57 (2004), Seite 93-100 alle Artikel anzeigen |
| Veröffentlicht: | 2004-2005 [2005] |
| Format: | Aufsatz |
| Sprache: | Polnisch |
X
alg: 39430134 001A $01999:12-11-16 001B $01999:29-05-21 $t17:48:19.000 001C $06050:19-11-16 $t08:47:27.000 001D $01999:12-11-16 001U $0utf8 001X $00 002@ $0Aox 003@ $039430134X 007A $039430134X $aHEB 007T $0Herdkk00011174 010@ $apol 011@ $a2004 $b2005 $n2004-2005 [2005] 021A $aMateriały z cmentarzyska ludności kultury łużyckiej w Chojnie-Golejewku, pow $drawicki, z kolekcji Aleksandra Guttmana 028A $aDrzewicz $dAnna 031A $d57 $h93-100 $j2004 037A $aW Warszawie039B $aIn $8--Abvc--. Wiadomości archeologiczne. - Warszawa : [Verlag nicht ermittelbar], 1873-. - ISSN 0043-5082 $x200400000570000907 $9047268050 045F $a069.09438 $eDDC23BSB 045F/01 $a069 045F/03 $g438 045T $a7,41 lok: 39430134 78 exp: 39430134 78 1 #EPN 201B/01 $008-11-17 $t21:45:54.000 201U/01 $0utf8 203@/01 $0790411865 208@/01 $a12-11-16 $be 209A/01 $a/ $f000 $x00 220C/01 $aTitelaufnehmer: pbb 220C/01 $aHerkunft: PBB/IH PAN 244Z/01 $2Trx $#Poola $#Lenkija $#Polija $#Polen Land $#Poland $#Lengyelország $#Poľsko $#Polsko $8--Trx--Polska$gkraj $x01 $9391345966 244Z/01 $#Warschau $#Warszawa $#Warszowa $#Varšava $#Varsovia $#Varsavia $#Varšavaq $#Varsó $#Miasto Stołeczne Warszawa $#Varsovie $#Warsaw $#Varšava $#Varšuva $#Varssavi $74079048-4 $8--Tg1--Warschau $x02 $9085224332 244Z/01 $aChojno-Golejewko pow. rawicki $x03 244Z/01 $aGuttman Aleksander $x04 244Z/01 $2Trx $8--Trx--Zeitschriftenaufsatz $x05 $9391384341 245Z/01 $a11.13 $x01 247C/01 $82080>Marburg/Lahn, Herder-Institut, Forschungsbibliothek, Bibliographieportal $9336309341
| LEADER | 00000caa a22000002c 4500 | ||
|---|---|---|---|
| 001 | 39430134X | ||
| 003 | DE-603 | ||
| 005 | 20210529174819.0 | ||
| 007 | tu | ||
| 008 | 161112s20042005xx |||| | u00||u|pol c | ||
| 035 | |a (DE-599)HEB39430134X | ||
| 040 | |a DE-603 |b ger |c DE-603 |d DE-603 | ||
| 041 | |a pol | ||
| 082 | 0 | 4 | |8 1\u |a 069.09438 |q DE-101 |2 23/BSB |
| 084 | |a 7,41 |2 ssgn | ||
| 085 | |8 1\u |b 069 | ||
| 085 | |8 1\u |z 2 |s 438 | ||
| 100 | 1 | |a Drzewicz, Anna | |
| 245 | 0 | 0 | |a Materiały z cmentarzyska ludności kultury łużyckiej w Chojnie-Golejewku, pow |b rawicki, z kolekcji Aleksandra Guttmana |
| 264 | 0 | |c 2004-2005 [2005] | |
| 500 | |a W Warszawie <pol> | ||
| 773 | 0 | 8 | |i In |t Wiadomości archeologiczne |d Warszawa : [Verlag nicht ermittelbar], 1873- |x 0043-5082 |g Band 57 (2004), Seite 93-100 |w (DE-603)047268050 |w (DE-600)202757-4 |
| 924 | 0 | |9 2080 |a (DE-603)790411865 |b DE-2080 |c HES |d d |g / | |


